000 02140nam a22003734a 4500
001 ebr10071398
003 CaPaEBR
006 m u
007 cr cn|||||||||
008 020116s2001 dcua sb 100 0 eng
010 _z 2002275919
020 _z0309070805
040 _aCaPaEBR
_cCaPaEBR
035 _a(OCoLC)228111132
050 1 4 _aQR175
_b.C655 2000eb
082 0 4 _a571.9/6
_221
111 2 _aColloquium on Virulence and Defense in Host-Pathogen Interactions: Common Features Between Plants and Animals
_d(2000 :
_cIrvine, Calif.)
245 1 0 _aColloquium on Virulence and Defense in Host-Pathogen Interactions :
_bCommon Features Between Plants and Animals
_h[electronic resource] /
_c[edited by Noel T. Keen ... et al.].
260 _aWashington, D.C. :
_bNational Academy of Sciences,
_c2001.
300 _ap. 8752-8867 :
_bill. (some col.).
490 1 _aNational Academy of Sciences colloquium series
500 _a"Reprinted from the Proceedings of the National Academy of Sciences of America, volume 97, pp. 8752-8862, August 1, 2000, and includes articles from the National Academy of Sciences' Colloquim on Virulence and Defense in Host-Pathogen Interactions: Common Features Between Plants and Animals, held at the Arnold and Mabel Beckman Center in Irvine, California, December 9-11, 1999"--P. [2] of cover.
504 _aIncludes bibliographical references.
533 _aElectronic reproduction.
_bPalo Alto, Calif. :
_cebrary,
_d2013.
_nAvailable via World Wide Web.
_nAccess may be limited to ebrary affiliated libraries.
650 0 _aVirulence (Microbiology)
_vCongresses.
650 0 _aHost-parasite relationships
_vCongresses.
650 0 _aImmune response
_xMolecular aspects
_vCongresses.
655 7 _aElectronic books.
_2local
700 1 _aKeen, Noel T.,
_d1940-
710 2 _aebrary, Inc.
730 0 _aProceedings of the National Academy of Sciences of the United States of America.
830 0 _aNational Academy of Sciences colloquium series.
856 4 0 _uhttp://site.ebrary.com/lib/rucke/Doc?id=10071398
_zAn electronic book accessible through the World Wide Web; click to view
999 _c33262
_d33262